| 000 | 00760nam a2200265Ia 4500 | ||
|---|---|---|---|
| 003 | OSt | ||
| 005 | 20220928130210.0 | ||
| 006 | a|||||r|||| 00| 0 | ||
| 007 | ta | ||
| 008 | 220927b |||||||| |||| 00| 0 eng d | ||
| 024 | _a118875 | ||
| 037 |
_bGift, 21/06/2013, _cTextual |
||
| 040 |
_aSDCL _cSDCL _beng |
||
| 041 |
_2eng _aeng |
||
| 082 | _aL:4-6, P6 | ||
| 100 |
_aHaines Jonathan L _9473119 |
||
| 245 | 0 | _aGenetic analysis of complex disease. | |
| 250 | _a2nd | ||
| 260 |
_aHoboken _bJohn Wiley _c2006 |
||
| 300 |
_axx,485p _ccm. |
||
| 650 |
_aGift _9391569 |
||
| 700 |
_a Margaret Pericak-Vance _9473120 |
||
| 942 |
_hL:4-6, P6 _cTEXL _2CC |
||
| 999 |
_c785640 _d785640 |
||